East Timor Country Quiz - Statistics

General Stats
  • This quiz has been taken 14 times
  • The average score is 7 of 14
Answer Stats
Hint Answer % Correct
Former Part of Indonesia
92%
Main Enemy Indonesia
92%
Number of Presidents 6
85%
Main Ally Australia
77%
Independent Since 2002
69%
Number of Municipalities 13
62%
Capital Dili
62%
Number of Official Political Parties 17
38%
Form of Government Republic
31%
Main Religion Catholicism
23%
Current President José Ramos-Horta
15%
Main Export Petroleum
15%
Main Language Tetum
15%
Currency USD
8%
No matching quizzes found
Score Distribution
Percent of People with Each Score
Percentile by Number Answered
Your Score History
You have not taken this quiz